MARC details
| 000 - LÍDER |
| campo de control de longitud fija |
01630nam a2200289Ia 4500 |
| 008 - ELEMENTOS DE DATOS DE LONGITUD FIJA - INFORMACIÓN GENERAL |
| campo de control de longitud fija |
0000002008 enkad 0000000000eng00 |
| 020 ## - INTERNATIONAL STANDARD BOOK NUMBER |
| International Standard Book Number |
9780224079402 |
| 090 ## - NÚMERO DE LLAMADA DE TIPO LC LOCALMENTE ASIGNADO (OCLC) |
| Número de clasificación (OCLC) (R) |
PUS00 H25a |
| 100 1# - ENTRADA PRINCIPAL - NOMBRE PERSONAL |
| Nombre de la persona |
Henry, MaX |
| 245 10 - TÍTULO DECLARACIÓN |
| Título |
Abstract America |
| Declaración de responsabilidad |
/ Max Henry, Saatchi Gallery |
| 250 ## - DECLARACIÓN DE EDICIÓN |
| Sentencia de edición |
1st ed. |
| 260 ## - PUBLICACIÓN, DISTRIBUCIÓN |
| Lugar de publicación |
London : Saatchi Gallery |
| Fecha de publicación |
2008 |
| 300 ## - DESCRIPCIÓN FÍSICA |
| Alcance |
390 p. |
| Dimensiones |
/ 30 cm. |
| 500 ## - NOTA GENERAL |
| Nota general |
Título en la carátula y en el lomo: Abstract America : new painting |
| 501 ## - Con nota |
| Con nota |
TEXTO: The new Atlantis: Abstract America \ Incluye listado de artistas \ TeXto en inglés |
| 505 ## - NOTA DE CONTENIDO FORMATEADA |
| Nota sobre el contenido formateado |
ARTISTAS: Kristin Baker John Bauer Dan Bayles Mark Bradford Joe Bradley MAtthew Brannon Carter Eric and Heather Chanschatz Andy Collins Francesca Dimattio Judith Eisler Inka Esssenhigh Bart EXposito Will Fowler Dana Frankfort Eric Freeman Barnaby Furnas Joanne Greenbaum Mark Grotjahn Marc Handelman Jacob Hashimoto Daniel Hesidence Elliott Hundley Douglas Kolk Chris Martin Ryan McGinness Ivam Morley Elizabeth Neel Baker Overstreet Michael Phelan David Ratcliff Scott Reeder Ruth Root Amanda RossHo Amy Sillman Josh Smith MArc Swanson Dan Walsh Garth Weiser Aaron WeXler Aaron Young |
| 650 14 - ENTRADA DE SUJETO AÑADIDO - TÉRMINO TÓPICO |
| Término tópico o elemento de entrada del nombre geográfico |
PINTURA ABSTRACTA ESTADOUNIDENSE |
| 650 14 - ENTRADA DE SUJETO AÑADIDO - TÉRMINO TÓPICO |
| Término tópico o elemento de entrada del nombre geográfico |
ARTE CONTEMPORANEO ESTADOUNIDENSE |
| 650 14 - ENTRADA DE SUJETO AÑADIDO - TÉRMINO TÓPICO |
| Término tópico o elemento de entrada del nombre geográfico |
ARTE MODERNO ESTADOUNIDENSE |
| 650 14 - ENTRADA DE SUJETO AÑADIDO - TÉRMINO TÓPICO |
| Término tópico o elemento de entrada del nombre geográfico |
ARTE MODERNO ESTADOUNIDENSE |
| 650 14 - ENTRADA DE SUJETO AÑADIDO - TÉRMINO TÓPICO |
| Subdivisión general |
CATALOGOS |
| 650 14 - ENTRADA DE SUJETO AÑADIDO - TÉRMINO TÓPICO |
| Término tópico o elemento de entrada del nombre geográfico |
HISTORIA Y CRITICA |
| 650 14 - ENTRADA DE SUJETO AÑADIDO - TÉRMINO TÓPICO |
| Término tópico o elemento de entrada del nombre geográfico |
PINTURA ABSTRACTA ESTADOUNIDENSE |
| 650 14 - ENTRADA DE SUJETO AÑADIDO - TÉRMINO TÓPICO |
| Término tópico o elemento de entrada del nombre geográfico |
SIGLO XX |
| 710 ## - ENTRADA AGREGADA - NOMBRE CORPORATIVO |
| Nombre corporativo o nombre de jurisdicción como elemento de entrada |
Saatchi Gallery. London |